La isla / (Record no. 19399)
[ view plain ]
| 000 -LEADER | |
|---|---|
| fixed length control field | 01075cam a2200313Ia 4500 |
| 001 - CONTROL NUMBER | |
| control field | 41916899 |
| 003 - CONTROL NUMBER IDENTIFIER | |
| control field | OCoLC |
| 005 - DATE AND TIME OF LATEST TRANSACTION | |
| control field | 20180421181057.0 |
| 008 - FIXED-LENGTH DATA ELEMENTS--GENERAL INFORMATION | |
| fixed length control field | 990719t19991995nyua j 000 1 spa d |
| 010 ## - LIBRARY OF CONGRESS CONTROL NUMBER | |
| Canceled/invalid LC control number | 94040900 |
| 020 ## - INTERNATIONAL STANDARD BOOK NUMBER | |
| International Standard Book Number | 0140565418 |
| 020 ## - INTERNATIONAL STANDARD BOOK NUMBER | |
| International Standard Book Number | 9780140565416 |
| 040 ## - CATALOGING SOURCE | |
| Original cataloging agency | CWJ |
| Transcribing agency | CWJ |
| Modifying agency | OCL |
| -- | CNL |
| -- | CoBoFLC |
| 041 1# - LANGUAGE CODE | |
| Language code of text/sound track or separate title | spa |
| Language code of original | eng |
| 050 10 - LIBRARY OF CONGRESS CALL NUMBER | |
| Classification number | PZ73 |
| Item number | .D659 1999 |
| 100 1# - MAIN ENTRY--PERSONAL NAME | |
| Personal name | Dorros, Arthur. |
| 245 13 - TITLE STATEMENT | |
| Title | La isla / |
| Statement of responsibility, etc. | por Arthur Dorros ; ilustrado por Elisa Kleven ; traducido por Sandra Marulanda Dorros. |
| 260 ## - PUBLICATION, DISTRIBUTION, ETC. (IMPRINT) | |
| Place of publication, distribution, etc. | New York : |
| Name of publisher, distributor, etc. | Puffin Books, |
| Date of publication, distribution, etc. | 1999, c1995. |
| 300 ## - PHYSICAL DESCRIPTION | |
| Extent | 1 v. (unpaged) : |
| Other physical details | col. ill. ; |
| Dimensions | 28 cm. |
| 500 ## - GENERAL NOTE | |
| General note | Text in Spanish. |
| 520 ## - SUMMARY, ETC. | |
| Summary, etc. | A young girl and her grandmother take an imaginary journey to the Caribbean island where her mother grew up and where some of her family still lives. |
| 650 #1 - SUBJECT ADDED ENTRY--TOPICAL TERM | |
| Topical term or geographic name as entry element | Islands |
| Form subdivision | Fiction. |
| 650 #1 - SUBJECT ADDED ENTRY--TOPICAL TERM | |
| Topical term or geographic name as entry element | Grandmothers |
| Form subdivision | Fiction. |
| 650 #1 - SUBJECT ADDED ENTRY--TOPICAL TERM | |
| Topical term or geographic name as entry element | Hispanic Americans |
| Form subdivision | Fiction. |
| 651 #0 - SUBJECT ADDED ENTRY--GEOGRAPHIC NAME | |
| Geographic name | Caribbean Area |
| Form subdivision | Fiction. |
| 655 #1 - INDEX TERM--GENRE/FORM | |
| Genre/form data or focus term | Spanish language materials. |
| 700 1# - ADDED ENTRY--PERSONAL NAME | |
| Personal name | Kleven, Elisa. |
| 942 ## - ADDED ENTRY ELEMENTS (KOHA) | |
| Koha item type | Libro/Book |
| Source of classification or shelving scheme | Dewey Decimal Classification |
| Withdrawn status | Lost status | Damaged status | Not for loan | Home library | Current library | Date acquired | Inventory number | Total Checkouts | Barcode | Date last seen | Price effective from | Koha item type | Full call number |
|---|---|---|---|---|---|---|---|---|---|---|---|---|---|
| Las Brisas 1 -- Satellite | Las Brisas 1 -- Satellite | 16/04/2018 | Inventory date: 7/4/25 | 40001590 | 16/04/2018 | 16/04/2018 | Libro/Book | JI | |||||
| Las Brisas 2 -- Satellite | Las Brisas 2 -- Satellite | 16/04/2018 | Inventory date: 7/4/25 | 40101583 | 16/04/2018 | 16/04/2018 | Libro/Book | JI | |||||
| Monte Cristo -- Satellite | Monte Cristo -- Satellite | 16/04/2018 | 40201531 | 16/04/2018 | 16/04/2018 | Libro/Book | |||||||
| Zaragoza -- Satellite | Zaragoza -- Satellite | 08/11/2017 | Inventory date: 7/7/25 | 35501609 | 08/11/2017 | 08/11/2017 | Libro/Book |